000 00453pab a2200157 454500
008 180718b2006 xxu||||| |||| 00| 0 eng d
100 _aLundquist, Jennifer Hickes
245 _aThe black-white gap in marital dissolution among young adults: what can counterfactual scenario tell us?
260 _c2006
300 _ap.421-41.
362 _aAug
650 _aYouth
650 _aFamily disorganization
773 _aSocial Problems
909 _a71841
999 _c71841
_d71841